000 00693nam a22001937a 4500
005 20250312114718.0
008 021127s1978 mx r u000 0 spa d
050 0 4 _aPN4748.M4
_bM34 1978
100 1 _aMcGowan, Gerald L.
245 1 0 _aPrensa y poder, 1854-1857 :
_bLa Revolución de Ayutla : El Congreso Constituyente /
_cGerald L. McGowan.
260 _aMéxico :
_bEl Colegio de México,
_c1978
300 _a376 p. ;
_c22 cm.
490 0 _aCentro de estudios históricos ;
_v24
504 _aIncluye bibliografía
506 _aRec. Esc.
650 7 _2Lemb
_aLibertad de prensa
_zMéxico
_xHistoria
650 7 _2Lemb
_aPeriodismo
_zMéxico
_xCondiciones políticas
942 _2lcc
_cLIB
999 _c70363
_d70363